Gaming Quiz

Random Gaming Quiz

Wolverhampton to Birmingham New Street via Bescot Quiz Stats

 Plays Quiz not verified by Sporcle

Support Sporcle.
Go Orange.
Score 0/35 Timer 10:00
0 Plays Today
Hint Answer % Correct
StationWolverhampton
86.5%
StationAston
76.9%
StationBirmingham New Street
76.9%
StationBescot
71.2%
StationWitton
61.5%
StationDuddeston
55.8%
StationPerry Barr
48.1%
StationTame Bridge Parkway
46.2%
StationHamstead
44.2%
JunctionPerry Barr North
15.4%
JunctionPerry Barr South
15.4%
JunctionAston North
15.4%
JunctionPortobello
13.5%
JunctionDarlaston
13.5%
JunctionBescot Junction
13.5%
JunctionAston South
13.5%
JunctionCurzon Street
13.5%
JunctionProof House
13.5%
Hint Answer % Correct
TunnelsHamstead Tunnel
13.5%
Soho DiversionSoho North
13.5%
Soho DiversionSoho South
13.5%
Soho DiversionSoho East
13.5%
Soho DiversionHamstead Tunnel
13.5%
JunctionVauxhall
11.5%
Signal BoxBirmingham New Street SB
11.5%
Level CrossingNoose Lane
11.5%
TunnelsNew Street North
11.5%
TunnelsNew Street South
11.5%
JunctionCrane Street
9.6%
JunctionNewton
9.6%
Signal BoxWest Midland Signalling Centre
9.6%
Level CrossingCharlemont Road
9.6%
TunnelsArena
9.6%
JunctionPerry Barr West
9.6%
Soho DiversionPerry Barr West
7.7%

You're not logged in!

Compare scores with friends on all Sporcle quizzes.
OR
Log In

From the Vault

Least Populous US Capitals Minefield

by peterules54

Juneau, Alaska? It's right up there near Canada.
Remove Ads.
Support Sporcle.
Get the best of Sporcle when you Go Orange. This ad-free experience offers more features, more stats, and more fun while also helping to support Sporcle. Thank you for becoming a member.

Show Comments

Extras

Created Jan 8, 2016ReportNominate
Tags:Railway, Railway Stations

Top Quizzes Today


Score Distribution

Your Account Isn't Verified!

In order to create a playlist on Sporcle, you need to verify the email address you used during registration. Go to your Sporcle Settings to finish the process.

Report this User

Report this user for behavior that violates our Community Guidelines.

Details: